ÖBB S-Bahnnetz Kärnten - Statistiken

Allgemein
  • Dieses Quiz wurde 102 mal gespielt
  • Das Durchschnittsergebnis liegt bei 28 aus 95
Antwortstatistiken
Antwort % Korrekt
St. Veit an der Glan
78%
Pörtschach am Wörthersee
76%
Velden am Wörthersee
73%
Villach Hbf
73%
Friesach
70%
Berg im Drautal
68%
Hermagor
68%
Klagenfurt Hbf
68%
Feldkirchen in Kärnten
62%
Wolfsberg
59%
Krumpendorf
57%
Villach Westbahnhof
57%
Klagenfurt Ost
54%
Lienz
54%
Spittal-Millstättersee
51%
Villach Warmbad
51%
Klagenfurt West
49%
Arnoldstein
46%
Faak am See
46%
Fürnitz
46%
Treibach-Althofen
43%
Bleiburg
41%
Maria Saal
41%
Klagenfurt Annabichl
38%
Rosenbach
38%
Klagenfurt Lend
35%
Oberdrauburg
35%
Finkenstein
32%
Klagenfurt Süd
32%
St. Andrä im Lavanttal
32%
St. Paul im Lavanttal
32%
St. Veit and der Glan West
32%
Ledenitzen
30%
Nötsch
30%
Paternion-Feistritz
30%
St. Stefan im Lavanttal
30%
Villach Landskron
30%
Weizelsdorf
30%
Dellach im Drautal
27%
Grafenstein
27%
Liebenfels
27%
Töschling
27%
Villach Seebach
27%
Klagenfurt Ebenthal
24%
Maria Rain
24%
Micheldorf-Hirt
24%
Passering
24%
Villach St.Ruprecht
24%
Annenheim
22%
Bleiburg Stadt
22%
Emmersdorf im Gailtal
22%
Glandorf
22%
Glanegg
22%
Greifenburg-Weissensee
22%
Kappel am Krappfeld
22%
Kleblach-Lind
22%
Lendorf
22%
Lind-Rosegg
22%
Neuhaus
22%
Pöckau
22%
Dölsach
19%
Föderlach
19%
Gödersdorf
19%
Möllbrücke-Sachsenburg
19%
Puch bei Villach
19%
Sattendorf
19%
Steindorf am Ossiachersee
19%
St. Georgen am Längsee
19%
St. Michael ob Bleiburg
19%
Irschen
16%
Kühnsdorf-Klopeiner See
16%
Lienz Peggetz
16%
Markt Paternion
16%
Steinfeld im Drautal
16%
St. Urban am Ossiachersee
16%
Weißenstein-Kellerberg
16%
Ferndorf
14%
Ossiach-Bodensdorf
14%
Tiffen
14%
Markt Sachsenburg
11%
Nikolsdorf
11%
Presseger See
11%
Prischitz
11%
St. Martin-Sittich
11%
St. Stefan-Vorderberg
11%
Wolfsberg Reding
11%
Görtschach-Förolach
8%
Mautbrücken
8%
Tauchendorf-Haidensee
8%
Vellach-Khünburg
8%
Wiederndorf-Aich
8%
Lambichl
5%
Rothenthum
3%
Lansdorf-Hochosterwitz
0%
Mittern
0%
Keine übereinstimmenden Quizze gefunden
Verteilung der Resultate
Anzahl Personen mit jedem Resultat
Perzentil nach korrekt beantworteten Fragen
Ihre Resultats-Entwicklung
Sie haben dieses Quiz noch nicht gespielt